[Event "Medellin de La Raza U2000 op"]
[Site "Medellin"]
[Date "2023.10.15"]
[Round "7"]
[White "Quintero Jara, Ana Sofia"]
[Black "Munoz, Mauricio"]
[Result "1-0"]
[WhiteElo "1420"]
[BlackElo "1665"]
[PlyCount "93"]
[EventDate "2023.10.12"]
[EventType "swiss"]
[EventRounds "9"]
[EventCountry "COL"]
[SourceTitle "Mega2024 Update 01"]
[Source "Chessbase"]
[SourceDate "2023.11.12"]
[SourceVersion "1"]
[SourceVersionDate "2023.11.12"]
[SourceQuality "1"]

1. e4 c5 2. Nf3 a6 3. c4 e6 4. Nc3 d6 5. d4 cxd4 6. Nxd4 Nf6 7. Be3 Be7 8. Bd3 Nbd7 9. b3 0-0 10. 0-0 Nc5 11. f3 Nxd3 12. Qxd3 Bd7 13. Rfd1 Qc7 14. Rac1 Rfd8 15. Qe2 Be8 16. Qf2 h6 17. Nde2 Rdc8 18. Kh1 Kh7 19. Ng3 Bf8 20. Qe2 Qa5 21. Bf4 Rc6 22. e5 dxe5 23. Bxe5 Be7 24. Bd4 Rac8 25. Nce4 Nxe4 26. Qxe4+ Kg8 27. Qb1 Rd8 28. Ne4 f5 29. Ng3 Ba3 30. Bb2 Rdc8 31. Bxa3 Qxa3 32. Ne2 Qe7 33. Rd2 Qf6 34. Rcd1 R6c7 35. h3 g5 36. Qb2 Qe7 37. Qe5 h5 38. Nd4 Bf7 39. Ne2 g4 40. hxg4 hxg4 41. Qg3 Kf8 42. fxg4 Bg6 43. Nf4 Qh7+ 44. Kg1 Re8 45. Nxg6+ Qxg6 46. Qxc7 Qxg4 47. Rd8 1-0

[Event "Medellin de La Raza U2000 op"]
[Site "Medellin"]
[Date "2023.10.13"]
[Round "2"]
[White "Ruiz, Luz Alba"]
[Black "Quintero Jara, Ana Sofia"]
[Result "1/2-1/2"]
[WhiteElo "1196"]
[BlackElo "1420"]
[PlyCount "72"]
[EventDate "2023.10.12"]
[EventType "swiss"]
[EventRounds "9"]
[EventCountry "COL"]
[SourceTitle "Mega2024 Update 01"]
[Source "Chessbase"]
[SourceDate "2023.11.12"]
[SourceVersion "1"]
[SourceVersionDate "2023.11.12"]
[SourceQuality "1"]

1. d4 d5 2. Bf4 Bf5 3. e3 e6 4. Nd2 c5 5. c3 Nf6 6. Ngf3 Nh5 7. Bg3 Nxg3 8. hxg3 h6 9. Be2 Bd6 10. 0-0 g5 11. Rc1 h5 12. Ne5 g4 13. Bb5+ Kf8 14. Re1 f6 15. e4 dxe4 16. Nec4 cxd4 17. Nxe4 Be7 18. Qxd4 Nc6 19. Bxc6 bxc6 20. Nc5 Qxd4 21. cxd4 e5 22. Ne3 Bg6 23. Ne6+ Kf7 24. Rxc6 Be4 25. d5 Bd8 26. Nc4 Bxd5 27. Nxd8+ Rhxd8 28. Rc7+ Kg6 29. Ne3 Bxa2 30. Ra1 Bb3 31. Rcxa7 Rxa7 32. Rxa7 Rd2 33. Rb7 Rxb2 34. Rb8 Rb1+ 35. Kh2 Ba2 36. Rxb1 Bxb1 1/2-1/2

[Event "Medellin Flores op 30th"]
[Site "Medellin"]
[Date "2023.08.03"]
[Round "1"]
[White "Alvarez, Juan P"]
[Black "Quintero Jara, Ana Sofia"]
[Result "1-0"]
[WhiteElo "1980"]
[BlackElo "1413"]
[PlyCount "27"]
[EventDate "2023.08.03"]
[EventType "swiss"]
[EventRounds "9"]
[EventCountry "COL"]
[SourceTitle "EXT 2024"]
[Source "ChessBase"]
[SourceDate "2023.10.10"]
[SourceVersion "1"]
[SourceVersionDate "2023.10.10"]
[SourceQuality "1"]

1. e4 e5 2. Nf3 Nc6 3. Bc4 Bc5 4. b4 Bxb4 5. c3 Ba5 6. d4 exd4 7. Qb3 Qe7 8. 0-0 Nf6 9. Ba3 d6 10. Re1 0-0 11. e5 Ng4 12. exd6 Qd7 13. dxc7 Re8 14. Bxf7+ 1-0

[Event "Medellin Aristizabal Cup"]
[Site "Medellin"]
[Date "2020.02.02"]
[Round "6"]
[White "Quintero Jara, Ana Sofia"]
[Black "Ospina Castro, Santiago"]
[Result "0-1"]
[WhiteElo "1349"]
[BlackElo "1954"]
[PlyCount "44"]
[EventDate "2020.01.29"]
[EventType "swiss"]
[EventRounds "7"]
[EventCountry "COL"]
[SourceTitle "CBM 194 Extra"]
[Source "ChessBase"]
[SourceDate "2020.03.31"]
[SourceVersion "1"]
[SourceVersionDate "2020.03.31"]
[SourceQuality "1"]

1. e4 e6 2. d4 d5 3. exd5 exd5 4. Bd3 Bd6 5. Ne2 Nf6 6. Bf4 0-0 7. Bxd6 Qxd6 8. 0-0 c5 9. dxc5 Qxc5 10. c3 Nc6 11. Bc2 Bg4 12. Qd3 Bxe2 13. Qxe2 d4 14. Qd3 Rad8 15. Rd1 Qb6 16. b3 Ne5 17. Qf5 d3 18. Bxd3 Nxd3 19. Rxd3 Rxd3 20. Qxd3 Rd8 21. Qf3 Qd6 22. Na3 Qxa3 0-1

[Event "Medellin Aristizabal Cup"]
[Site "Medellin"]
[Date "2020.01.31"]
[Round "3"]
[White "Leon Acevedo, Juan Alejandro"]
[Black "Quintero Jara, Ana Sofia"]
[Result "1-0"]
[WhiteElo "1848"]
[BlackElo "1349"]
[PlyCount "85"]
[EventDate "2020.01.29"]
[EventType "swiss"]
[EventRounds "7"]
[EventCountry "COL"]
[SourceTitle "CBM 194 Extra"]
[Source "ChessBase"]
[SourceDate "2020.03.31"]
[SourceVersion "1"]
[SourceVersionDate "2020.03.31"]
[SourceQuality "1"]

1. d4 d5 2. Nf3 Nf6 3. g3 b6 4. Bg2 Bb7 5. 0-0 e6 6. c4 c5 7. Nc3 Nbd7 8. Bf4 a6 9. Qa4 dxc4 10. Qxc4 b5 11. Qb3 Be7 12. Rfd1 c4 13. Qc2 Qc8 14. a3 0-0 15. e4 Rd8 16. Rac1 Nh5 17. Be3 Nhf6 18. h3 Qb8 19. Bf4 Qa7 20. Qe2 Rac8 21. Ne1 Qa8 22. Rd2 Nb6 23. g4 h6 24. Rcd1 Rd7 25. Qe3 Rcd8 26. Bg3 Nc8 27. f4 Na7 28. g5 hxg5 29. fxg5 Nh7 30. Nf3 Nc6 31. d5 exd5 32. Nxd5 Qa7 33. Qxa7 Nxa7 34. Nxe7+ Rxe7 35. Rxd8+ Nf8 36. Rxf8+ Kxf8 37. Rd8+ Re8 38. Bd6+ Kg8 39. Rxe8+ Kh7 40. Ne5 Nc8 41. g6+ fxg6 42. Nf7 Nxd6 43. Rh8# 1-0

[Event "Pan American-ch School U13 Girls"]
[Site "Medellin"]
[Date "2019.11.17"]
[Round "9"]
[White "Quintero Jara, Ana Sofia"]
[Black "Cardona, Marisol"]
[Result "1-0"]
[WhiteElo "1381"]
[BlackElo "1146"]
[PlyCount "75"]
[EventDate "2019.11.12"]
[EventType "swiss"]
[EventRounds "9"]
[EventCountry "COL"]
[SourceTitle "CBM 193 Extra"]
[Source "ChessBase"]
[SourceDate "2020.01.31"]
[SourceVersion "1"]
[SourceVersionDate "2020.01.31"]
[SourceQuality "1"]

1. e4 d5 2. exd5 Qxd5 3. Nc3 Qa5 4. d4 Nf6 5. Bd3 Bg4 6. f3 Bf5 7. Nge2 e6 8. Bc4 Bd6 9. Bd2 Qb6 10. Bb3 c6 11. Bf4 Qc7 12. Qd2 Nbd7 13. Bxd6 Qxd6 14. Qf4 Qxf4 15. Nxf4 e5 16. dxe5 Nxe5 17. 0-0 0-0 18. Rfe1 Ng6 19. Nxg6 Bxg6 20. Re7 b6 21. Rae1 Rfe8 22. Kf1 Kf8 23. Rc7 Rxe1+ 24. Kxe1 c5 25. Nb5 a6 26. Nd6 Ne8 27. Nxe8 Rxe8+ 28. Kd1 Rd8+ 29. Kc1 Ra8 30. Rc6 Rb8 31. c3 f6 32. Kd2 Rd8+ 33. Ke3 Rb8 34. Kd2 Rd8+ 35. Kc1 Rb8 36. Bc2 Bxc2 37. Kxc2 Kg8 38. Kb3 1-0

[Event "COL-ch sf1"]
[Site "Medellin"]
[Date "2019.04.19"]
[Round "7"]
[White "Loaiza Cuervo, Santiago"]
[Black "Quintero Jara, Ana Sofia"]
[Result "1-0"]
[WhiteElo "1704"]
[BlackElo "1326"]
[PlyCount "56"]
[EventDate "2019.04.16"]
[EventType "swiss"]
[EventRounds "10"]
[EventCountry "COL"]
[SourceTitle "CBM 190 Extra"]
[Source "ChessBase"]
[SourceDate "2019.07.15"]
[SourceVersion "1"]
[SourceVersionDate "2019.07.15"]
[SourceQuality "1"]

1. e4 e5 2. Nf3 Nf6 3. Nxe5 d6 4. Nf3 Nxe4 5. Nc3 Nxc3 6. dxc3 Be7 7. Be3 Be6 8. Bd3 Nc6 9. Qd2 Qd7 10. Nd4 Nxd4 11. Bxd4 f6 12. 0-0 0-0 13. Rae1 Rae8 14. Qf4 f5 15. h4 Bf6 16. Re3 b6 17. Rfe1 Bxd4 18. cxd4 Rf6 19. d5 Bf7 20. Rxe8+ Bxe8 21. Qg5 Qf7 22. Bxf5 h6 23. Qe3 Rxf5 24. Qxe8+ Qf8 25. Re7 Rxd5 26. Qxf8+ Kxf8 27. Rxc7 Rc5 28. Rxc5 dxc5 1-0

[Event "COL-ch sf1"]
[Site "Medellin"]
[Date "2019.04.18"]
[Round "4"]
[White "Gomez Saenz, Manuela"]
[Black "Quintero Jara, Ana Sofia"]
[Result "0-1"]
[WhiteElo "1539"]
[BlackElo "1326"]
[PlyCount "78"]
[EventDate "2019.04.16"]
[EventType "swiss"]
[EventRounds "10"]
[EventCountry "COL"]
[SourceTitle "CBM 190 Extra"]
[Source "ChessBase"]
[SourceDate "2019.07.15"]
[SourceVersion "1"]
[SourceVersionDate "2019.07.15"]
[SourceQuality "1"]

1. e4 e5 2. Nf3 Nf6 3. Nxe5 d6 4. Nf3 Nxe4 5. Nc3 Nxc3 6. dxc3 Be7 7. Bd3 Nc6 8. Bf4 Be6 9. Qd2 Qd7 10. 0-0-0 0-0-0 11. Ng5 Bxg5 12. Bxg5 f6 13. Be3 Kb8 14. Kb1 Ne5 15. Be4 Bxa2+ 16. Kxa2 Qa4+ 17. Kb1 Qxe4 18. f3 Qa4 19. Qd5 Qc4 20. Qa5 b6 21. Qd5 Qxd5 22. Rxd5 Rde8 23. Re1 Re7 24. Bf4 Rhe8 25. Bxe5 Rxe5 26. Rdxe5 Rxe5 27. Rxe5 dxe5 28. Kc1 Kb7 29. Kd2 Kc6 30. Kd3 Kd5 31. c4+ Kc5 32. c3 f5 33. b3 a5 34. g3 c6 35. g4 g6 36. h3 b5 37. cxb5 cxb5 38. g5 a4 39. Kc2 e4 0-1

[Event "COL-ch sf1"]
[Site "Medellin"]
[Date "2019.04.16"]
[Round "1"]
[White "Quintero Jara, Ana Sofia"]
[Black "Loaiza, Yurani"]
[Result "0-1"]
[WhiteElo "1326"]
[BlackElo "1987"]
[PlyCount "48"]
[EventDate "2019.04.16"]
[EventType "swiss"]
[EventRounds "10"]
[EventCountry "COL"]
[SourceTitle "CBM 190 Extra"]
[Source "ChessBase"]
[SourceDate "2019.07.15"]
[SourceVersion "1"]
[SourceVersionDate "2019.07.15"]
[SourceQuality "1"]

1. e4 e5 2. Nf3 Nf6 3. Nxe5 d6 4. Nf3 Nxe4 5. Nc3 Nxc3 6. dxc3 Be7 7. Be2 Nc6 8. Be3 Bf5 9. Qd2 a6 10. 0-0-0 Qd7 11. Kb1 b5 12. Nd4 Be4 13. f3 Bg6 14. Bd3 Ne5 15. Bxg6 hxg6 16. Bf4 Nc4 17. Qe2 0-0 18. g4 Bf6 19. Nb3 Qc6 20. g5 Rfe8 21. Qd3 Ne5 22. Nd4 Nxd3 23. Nxc6 Nxf4 24. gxf6 gxf6 0-1

[Event "COL-chB U1800"]
[Site "Antioquia"]
[Date "2018.12.09"]
[Round "7"]
[White "Lopez Guarin, Simon"]
[Black "Quintero Jara, Ana Sofia"]
[Result "1-0"]
[WhiteElo "1541"]
[BlackElo "1290"]
[PlyCount "33"]
[EventDate "2018.12.06"]
[EventType "swiss"]
[EventRounds "7"]
[EventCountry "COL"]
[SourceTitle "CBM 190 Extra"]
[Source "ChessBase"]
[SourceDate "2019.07.15"]
[SourceVersion "1"]
[SourceVersionDate "2019.07.15"]
[SourceQuality "1"]

1. e4 e5 2. Nf3 Nf6 3. Nc3 Bb4 4. Bc4 Nc6 5. 0-0 a6 6. a3 Ba5 7. Re1 Bb6 8. Nd5 Ba7 9. d4 exd4 10. Bg5 d6 11. e5 dxe5 12. Nxe5 Nxe5 13. Rxe5+ Kf8 14. Nxf6 gxf6 15. Bh6+ Kg8 16. Bxf7+ Kxf7 17. Qh5+ 1-0

[Event "COL-chB U1800"]
[Site "Antioquia"]
[Date "2018.12.08"]
[Round "4"]
[White "Quintero Jara, Ana Sofia"]
[Black "Garvin, Ricardo Luis"]
[Result "0-1"]
[WhiteElo "1290"]
[BlackElo "1683"]
[PlyCount "46"]
[EventDate "2018.12.06"]
[EventType "swiss"]
[EventRounds "7"]
[EventCountry "COL"]
[SourceTitle "CBM 190 Extra"]
[Source "ChessBase"]
[SourceDate "2019.07.15"]
[SourceVersion "1"]
[SourceVersionDate "2019.07.15"]
[SourceQuality "1"]

1. e4 c5 2. Nf3 Nc6 3. d4 cxd4 4. Nxd4 e5 5. Nxc6 bxc6 6. Nc3 Bb4 7. Bd2 Nf6 8. f3 d5 9. exd5 cxd5 10. Bd3 0-0 11. 0-0 Bb7 12. Re1 Re8 13. a3 Qb6+ 14. Kh1 Bf8 15. Na4 Qf2 16. Re2 Qh4 17. Nc3 e4 18. fxe4 dxe4 19. Bb5 Bd6 20. g3 e3+ 21. Kg1 Bxg3 22. Bxe8 Bf2+ 23. Kf1 Qh3# 0-1

[Event "COL-chB U1800"]
[Site "Antioquia"]
[Date "2018.12.08"]
[Round "5"]
[White "Rodriguez Pantoja, Obel"]
[Black "Quintero Jara, Ana Sofia"]
[Result "1-0"]
[WhiteElo "1636"]
[BlackElo "1290"]
[PlyCount "49"]
[EventDate "2018.12.06"]
[EventType "swiss"]
[EventRounds "7"]
[EventCountry "COL"]
[SourceTitle "CBM 190 Extra"]
[Source "ChessBase"]
[SourceDate "2019.07.15"]
[SourceVersion "1"]
[SourceVersionDate "2019.07.15"]
[SourceQuality "1"]

1. e4 e5 2. Nf3 Nf6 3. Nxe5 d6 4. Nf3 Nxe4 5. Nc3 Nxc3 6. dxc3 Nc6 7. Be3 Be6 8. Bd3 Be7 9. Qd2 a6 10. c4 Qd7 11. h4 h6 12. Bf4 Bf6 13. 0-0 Bf5 14. Rfe1+ Ne7 15. Bxf5 Qxf5 16. Bg3 0-0 17. Nd4 Qg4 18. c3 Bxh4 19. Bxh4 Qxh4 20. Re3 Ng6 21. Rh3 Qd8 22. Nf5 Qg5 23. Qxg5 hxg5 24. Rd1 Nf4 25. Ne7# 1-0

[Event "Medellin Aristizabal Cup"]
[Site "Medellin"]
[Date "2018.07.08"]
[Round "6"]
[White "Giraldo Alvarez, Simon"]
[Black "Quintero Jara, Ana Sofia"]
[Result "1/2-1/2"]
[WhiteElo "1393"]
[BlackElo "1262"]
[PlyCount "76"]
[EventDate "2018.07.04"]
[EventType "swiss"]
[EventRounds "7"]
[EventCountry "COL"]
[SourceTitle "CBM 185 Extra"]
[Source "ChessBase"]
[SourceDate "2018.07.29"]
[SourceVersion "1"]
[SourceVersionDate "2018.07.29"]
[SourceQuality "1"]

1. e4 e5 2. Nf3 Nf6 3. Nxe5 d6 4. Nf3 Nxe4 5. d3 Nf6 6. Nc3 Nc6 7. h3 Be7 8. g3 h6 9. Bg2 Be6 10. Be3 Qd7 11. Qd2 a6 12. d4 d5 13. Ne5 Qd8 14. Rd1 Bb4 15. 0-0 0-0 16. f4 Qc8 17. Kh2 Rd8 18. Qd3 Bf5 19. Qe2 Nxe5 20. fxe5 Ne4 21. Nxe4 Bxe4 22. c3 Bxg2 23. Kxg2 Be7 24. Rf2 Rf8 25. Rdf1 Qe6 26. Qh5 Qg6 27. Qxg6 fxg6 28. h4 Rxf2+ 29. Rxf2 Rf8 30. Kh3 Rxf2 31. Bxf2 Kf7 32. Be3 Ke6 33. Kg4 c6 34. Bd2 Bd8 35. Bf4 Be7 36. Be3 Bd8 37. Bf4 Be7 38. Be3 Bd8 1/2-1/2

[Event "Medellin Aristizabal Cup"]
[Site "Medellin"]
[Date "2018.07.07"]
[Round "4"]
[White "Lopez Guarin, Simon"]
[Black "Quintero Jara, Ana Sofia"]
[Result "1-0"]
[WhiteElo "1569"]
[BlackElo "1262"]
[PlyCount "107"]
[EventDate "2018.07.04"]
[EventType "swiss"]
[EventRounds "7"]
[EventCountry "COL"]
[SourceTitle "CBM 185 Extra"]
[Source "ChessBase"]
[SourceDate "2018.07.29"]
[SourceVersion "1"]
[SourceVersionDate "2018.07.29"]
[SourceQuality "1"]

1. e4 e5 2. Nf3 Nf6 3. Nc3 Bb4 4. Bc4 Nc6 5. 0-0 0-0 6. Re1 Bc5 7. Na4 Be7 8. d4 exd4 9. Nxd4 Ne5 10. Bb3 Ng6 11. e5 Ne8 12. f4 d6 13. e6 fxe6 14. f5 Ne5 15. Bf4 Bf6 16. fxe6 Kh8 17. Bxe5 Bxe5 18. Nc6 bxc6 19. Rxe5 Qe7 20. Re3 Rf6 21. Qd3 g6 22. Nc3 Ng7 23. Ne4 Rf8 24. Nf2 Re8 25. Nh3 Bxe6 26. Qc3 Qd7 27. Bxe6 Rxe6 28. Rxe6 Qxe6 29. Re1 Qd7 30. Ng5 Re8 31. Rf1 Qe7 32. Rf7 Qe1+ 33. Qxe1 Rxe1+ 34. Kf2 Re8 35. Rxc7 Rf8+ 36. Ke2 Re8+ 37. Kd3 Ne6 38. Nxe6 Rxe6 39. Rxc6 Re1 40. Rc8+ Kg7 41. Rc7+ Kh6 42. Rxa7 Rh1 43. h3 Rg1 44. b4 Rxg2 45. b5 Rg5 46. b6 Rb5 47. b7 Kh5 48. Kc4 Rb6 49. a4 Kh4 50. a5 Rb2 51. Kc3 Rb5 52. a6 Kxh3 53. Ra8 g5 54. Rh8 1-0

[Event "Antioquia op-B"]
[Site "Medellin"]
[Date "2018.04.29"]
[Round "6"]
[White "Quintero Jara, Ana Sofia"]
[Black "Caro Estrada, Esveny"]
[Result "1-0"]
[WhiteElo "1216"]
[BlackElo "1606"]
[PlyCount "111"]
[EventDate "2018.04.25"]
[EventType "swiss"]
[EventRounds "7"]
[EventCountry "COL"]
[SourceTitle "CBM 184 Extra"]
[Source "ChessBase"]
[SourceDate "2018.06.28"]
[SourceVersion "1"]
[SourceVersionDate "2018.06.28"]
[SourceQuality "1"]

1. e4 c5 2. Nf3 d6 3. d4 cxd4 4. Nxd4 Nf6 5. Nc3 a6 6. a3 Nbd7 7. Bc4 e5 8. Nf3 Be7 9. 0-0 Qc7 10. Ba2 Nc5 11. Re1 b5 12. Nd5 Qa7 13. Nxf6+ gxf6 14. b4 Na4 15. Qd3 Qc7 16. c4 Bd7 17. cxb5 axb5 18. Qd5 Bc6 19. Qxf7+ Kd8 20. Qb3 Qb7 21. Qd3 Kc7 22. Bd5 Rac8 23. Nd2 Kb8 24. Nb3 Nc3 25. Bxc6 Qxc6 26. Bd2 Na4 27. Ra2 Rhg8 28. Rc1 Qd7 29. Rac2 Rxc2 30. Rxc2 Nb6 31. Na5 Rc8 32. Be3 Bd8 33. h3 Rxc2 34. Qxc2 Qc7 35. Nc6+ Kb7 36. Nxd8+ Qxd8 37. Bxb6 Qxb6 38. Qb3 Qc7 39. Qd5+ Kb6 40. Qb3 Qc1+ 41. Kh2 Qc4 42. Qe3+ Qd4 43. Qxd4+ exd4 44. Kg1 Kc6 45. Kf1 d5 46. f3 Kd6 47. Ke2 Ke5 48. exd5 Kxd5 49. Kd3 f5 50. g4 fxg4 51. fxg4 Ke5 52. g5 Kf5 53. Kxd4 Kxg5 54. Kc5 Kh4 55. Kxb5 Kxh3 56. Ka4 1-0

[Event "Antioquia op-B"]
[Site "Medellin"]
[Date "2018.04.27"]
[Round "3"]
[White "Florez, Santiago"]
[Black "Quintero Jara, Ana Sofia"]
[Result "1-0"]
[WhiteElo "1596"]
[BlackElo "1216"]
[PlyCount "91"]
[EventDate "2018.04.25"]
[EventType "swiss"]
[EventRounds "7"]
[EventCountry "COL"]
[SourceTitle "CBM 184 Extra"]
[Source "ChessBase"]
[SourceDate "2018.06.28"]
[SourceVersion "1"]
[SourceVersionDate "2018.06.28"]
[SourceQuality "1"]

1. f4 d5 2. Nf3 Nc6 3. e3 Nf6 4. b3 g6 5. Bb2 Bg7 6. Be2 0-0 7. 0-0 Be6 8. Ne5 Qd6 9. d3 Ne8 10. Ba3 Qd8 11. d4 Nd6 12. Nd2 Nf5 13. Rf3 Nxe5 14. fxe5 Qd7 15. Bd3 Bh6 16. Qe2 f6 17. exf6 Rxf6 18. c3 Nd6 19. Rxf6 exf6 20. Bxd6 Qxd6 21. e4 Re8 22. exd5 Bxd2 23. Qxd2 Bxd5 24. c4 Bc6 25. d5 Bd7 26. Rf1 f5 27. Re1 Rxe1+ 28. Qxe1 Kf8 29. Qe3 Qb6 30. c5 Qa5 31. a4 Qb4 32. Bc4 a6 33. Qd4 Qe1+ 34. Bf1 Kg8 35. d6 cxd6 36. Qxd6 Qe3+ 37. Kh1 Be6 38. Qb8+ Kg7 39. Qxb7+ Kh6 40. c6 Qe1 41. Qxa6 Bc8 42. Qe2 Qc3 43. Qc4 Qe1 44. Qf4+ Kh5 45. h4 Qd1 46. Qg5# 1-0